| 000 | 01024nam a2200229Ia 4500 | ||
|---|---|---|---|
| 001 | L240-13026 | ||
| 003 | IT-CnALBA | ||
| 008 | 170116s9999||||xx |||||||||||||| ||und|| | ||
| 040 |
_aIT-CnALBA _cIT-CnALBA |
||
| 041 | _aITALIANO | ||
| 100 | _aSENZA AUTORE | ||
| 245 | 0 | _aGESÙ TI ASCOLTO. MEDITAZIONI PER ASPIRANTI (A. C.) | |
| 250 | _a1a ed. | ||
| 260 |
_aROMA _bAVE, ANONIMA VERITA'S EDITRICE _c1944 [1° Ed.:1944 - Ed.Ling.Originale: 1944] |
||
| 300 | _a159 p. (prefazione: 5) | ||
| 500 | _aPREGHIERA PRIMA E DOPO LA MEDITAZIONE. LA CASA PROPRIA. LA CASA DI DIO. SCUOLA. FUORI DI CASA. AMICI. LE VIRTÙ. LE MASSIME. REGOLA DELL'ASPIRANTE. | ||
| 501 | _aSocietà San Paolo EM - Piazza San Paolo, 14 - 12051 ALBA (CN) (non commercial uses only) ® Copyright 2017 | ||
| 520 | _aPREGHIERA PRIMA E DOPO LA MEDITAZIONE. LA CASA PROPRIA. LA CASA DI DIO. SCUOLA. FUORI DI CASA. AMICI. LE VIRTÙ. LE MASSIME. REGOLA DELL'ASPIRANTE. | ||
| 650 | _aTEOLOGIA SPIRITUALE CRISTIANA | ||
| 942 | _cBK | ||
| 957 | _71 | ||
| 999 |
_a17779 _bSI _g Copie: 1 _c272202 _d272202 |
||